000
00310nam a2200133Ia 4500
008
210210b xxu||||| |||| 00| 0 eng d
082
_a
915.487 KARN
100
_a
-
245
_a
Karnataka
260
_a
Karnataka
_b
Directorate of Information & Tourism
_c
300
_a
74
690
_a
Geography
906
_a
040419
999
_c
90558
_d
90558